000 00728cam a22002411 4500
001 27807
003 BD-RjUL
005 20211209051214.0
008 140327s1965 xx ab 000 0 eng
035 _a(BD-RjUL)27886
035 _a(OCoLC)3553532
040 _aDLC
_cOClW
_dDLC
_beng
041 1 _aengrus
082 _a947
_bRYE 1965
100 1 _aRybakov, B. A.
_q(Boris Aleksandrovich),
_d1908-2001.
_985354
245 1 0 _aEarly centuries of Russian history /
_cB. Rybakov. [Translated from the Russian by John Weir]
260 _aMoscow :
_bProgress Publishers,
_c1965
300 _a230 p. :
_bill. ;
_c20 cm.
651 0 _aKievan Rus
_xHistory.
_985355
942 _2ddc
_cBK
999 _c27807
_d27807